| 000 | 00483ctc a22001935a 4500 | ||
|---|---|---|---|
| 001 | L141573 | ||
| 008 | 071203i19301940xxk eng u | ||
| 035 | _a(Sirsi) u141573 | ||
| 041 | 0 | _aeng | |
| 110 | 2 | _aValuers' Institution | |
| 245 | 0 | 1 |
_a[Correspondence] _h[manuscript] |
| 260 | _cca. 1930-1940 | ||
| 300 |
_a1 packet _c35 x 23 cm. |
||
| 340 | _aManuscript | ||
| 351 | _cFonds | ||
| 651 | 4 |
_aUnited Kingdom _y |
|
| 690 | _aABOUT RICS-RELATED ORGANISATIONS | ||
| 942 | _n0 | ||
| 999 |
_c116745 _d116745 |
||